| 000 | 00563nam a2200157 a 4500 | ||
|---|---|---|---|
| 001 | 000043800 | ||
| 005 | 20201002044956.0 | ||
| 008 | 140501s2014 dr 000 0 spa d | ||
| 020 | _a9789945009880 | ||
| 040 |
_aDO-SdBNP _bspa _cBNPHU |
||
| 100 | 1 |
_aVilstle Vilss, Hidoumouchtte Jouffourv _971638 |
|
| 245 | 1 | 0 |
_aJuliana y otros poemas...2000-2007. / _cHidoumouchtte Jouffourv Vilstle Vilss. |
| 260 |
_aMonseñor Nouel, Bonao, Rep. Dom., : _bFull color econocopias, _c2014. |
||
| 300 |
_a38 p. ; _c21 cm. |
||
| 500 | _aIncluye datos biografícos en la contraportada. | ||
| 999 |
_c43289 _d43289 |
||